|
|
|
|
| LEADER |
00000cas a22000004a 4500 |
| 001 |
vtls008422778 |
| 003 |
SK-MaSNL |
| 005 |
20260228160526.0 |
| 008 |
060110d19uu2020xr mr p 0 b0cze |
| 022 |
|
|
|a 0958-5850
|y 2195-0474
|
| 040 |
|
|
|a SNK
|b slo
|c SNK
|e AACR2
|
| 041 |
0 |
|
|a cze
|
| 044 |
|
|
|a xr
|c CZ
|
| 080 |
|
|
|a 746.4
|2 MDT-MRF
|
| 080 |
|
|
|a 646
|2 MDT-MRF
|
| 080 |
|
|
|a 379.8
|2 MDT-MRF
|
| 245 |
0 |
0 |
|a Sandra
|b pletení pro vás
|
| 260 |
|
|
|a Praha
|b Rolino - jazykové studio
|
| 260 |
3 |
|
|3 9/2012-77/2020
|a [S.l.]
|b Bozidar Luzanin
|
| 300 |
|
|
|a zv.
|b ilustr.
|c 28 cm
|
| 310 |
|
|
|a 1x mesačne
|
| 500 |
|
|
|a Popis podľa: 1 (2006)
|
| 515 |
|
|
|a Od sept. 2012 je priebežné číslovanie, začína sa od č. 1.
|
| 650 |
0 |
7 |
|a pletenie
|2 SNKPH
|9 2733
|
| 650 |
0 |
7 |
|a móda
|2 SNKPH
|9 19682
|
| 910 |
|
|
|a snk
|
| 999 |
|
|
|c 2876
|d 4806
|
| 952 |
|
|
|t č. 53-64
|a SNK
|b SNK
|y PREZ
|7 0
|p 17A1432242
|o snkČB 5626/2018
|i snk2020/21048
|8 4
|0 0
|1 0
|4 0
|d 2020-11-25
|l 1
|r 2026-05-11 11:05:35
|s 2026-04-30
|w 2026-02-21
|
| 952 |
|
|
|t č. 1-12
|a SNK
|b SNK
|y PREZ
|7 0
|p 17A0617209
|o snkČB 5626/2007
|i snk2009/16617
|8 4
|0 0
|1 1
|4 0
|d 2009-09-17
|l 0
|r 2026-02-21 19:31:17
|w 2026-02-21
|
| 952 |
|
|
|t č. 24-32
|a SNK
|b SNK
|y PREZ
|7 0
|p 17A1267023
|o snkČB 5626/2015
|i snk2018/324
|8 4
|0 0
|1 0
|4 0
|d 2018-01-08
|l 0
|r 2026-02-21 19:34:20
|w 2026-02-21
|
| 952 |
|
|
|t č. 1-8
|a SNK
|b SNK
|y PREZ
|7 0
|p 17A1096561
|o snkČB 5626/2012
|i snkZK 2015/19239
|8 4
|3 Obsahuje: 7ks
|0 0
|1 0
|4 0
|d 2015-06-19
|l 0
|r 2026-02-21 19:34:22
|w 2026-02-21
|
| 952 |
|
|
|t č. 1-11, neúpl.
|a SNK
|b SNK
|y PREZ
|7 0
|p 17A1096528
|o snkČB 5626/2012-2013
|i snkZK 19247/2015
|8 4
|z Od septembra 2012 je priebežné číslovanie, začína sa od č.1.; chýba č.2 ;
|3 Obsahuje: 10ks
|0 0
|1 0
|4 0
|d 2015-06-19
|l 0
|r 2026-02-21 19:34:22
|w 2026-02-21
|
| 952 |
|
|
|t č. 1-12
|a SNK
|b SNK
|y PREZ
|7 0
|p 17A0235285
|o snkČB 5626/1996
|0 0
|1 1
|4 0
|d 2000-04-12
|l 0
|r 2005-01-02 00:00:00
|w 2026-02-21
|
| 952 |
|
|
|t č. 2-12, neúplné
|a SNK
|b SNK
|y PREZ
|7 0
|p 17A0235284
|o snkČB 5626/1995
|z Chýba č. 1
|0 0
|1 1
|4 0
|d 2000-04-12
|l 0
|r 2005-01-02 00:00:00
|w 2026-02-21
|
| 952 |
|
|
|t č. 1-11, neúplné
|a SNK
|b SNK
|y PREZ
|7 0
|p 17A0423792
|o snkČB 5626/1997
|i snkZK 2692/99
|8 4
|z Chýba č. 12
|0 0
|1 1
|4 0
|d 2004-03-22
|l 0
|r 2005-01-02 00:00:00
|w 2026-02-21
|
| 952 |
|
|
|t č. 1-12
|a SNK
|b SNK
|y PREZ
|7 0
|p 17A0869611
|o snkČB 5626/2011
|i snk2014/617
|8 4
|0 0
|1 1
|4 0
|d 2014-01-09
|l 0
|r 2026-02-21 19:44:22
|w 2026-02-21
|
| 952 |
|
|
|t č. 1-12
|a SNK
|b SNK
|y PREZ
|7 0
|p 17A0661350
|o snkČB 5626/2008
|i snk2010/17152
|8 4
|0 0
|1 1
|4 0
|d 2010-08-10
|l 0
|r 2026-02-21 19:54:09
|w 2026-02-21
|
| 952 |
|
|
|t č. 1-12
|a SNK
|b SNK
|y PREZ
|7 0
|p 17A0661351
|o snkČB 5626/2009
|i snk2010/17153
|8 4
|0 0
|1 1
|4 0
|d 2010-08-10
|l 0
|r 2026-02-21 19:54:10
|w 2026-02-21
|
| 952 |
|
|
|t č. 65-76
|a SNK
|b SNK
|y PREZ
|7 0
|p 17A1462721
|o snkČB 5626/2019
|i snk2022/5991
|8 4
|0 0
|1 0
|4 0
|d 2022-04-22
|l 0
|r 2026-02-21 20:03:18
|w 2026-02-21
|
| 952 |
|
|
|t č. 77
|a SNK
|b SNK
|y PREZ
|7 0
|p 17A1462722
|o snkČB 5626/2020
|i snk2022/5994
|8 4
|0 0
|1 0
|4 0
|d 2022-04-22
|l 0
|r 2026-02-21 20:03:18
|w 2026-02-21
|
| 952 |
|
|
|t č. 1-12, neúplné
|a SNK
|b SNK
|y PREZ
|7 0
|p 17A0409972
|o snkČB 5626/2001
|i snkČZK 2661/2002
|z Chýba č. 2
|0 0
|1 1
|4 0
|d 2004-01-21
|l 0
|r 2005-01-02 00:00:00
|w 2026-02-21
|
| 952 |
|
|
|t č. 1-12
|a SNK
|b SNK
|y PREZ
|7 0
|p 17A0617208
|o snkČB 5626/2006
|i snk2009/16616
|8 4
|0 0
|1 1
|4 0
|d 2009-09-17
|l 0
|r 2026-02-21 20:16:09
|w 2026-02-21
|
| 952 |
|
|
|t č. 1-12, neúplné
|a SNK
|b SNK
|y PREZ
|7 0
|p 17A0556355
|o snkČB 5626/2004
|i snk2007/20350
|8 4
|z Chýba č. 7-8.
|0 0
|1 1
|4 0
|d 2007-09-11
|l 0
|r 2026-02-21 20:20:59
|w 2026-02-21
|
| 952 |
|
|
|t č. 1-12
|a SNK
|b SNK
|y PREZ
|7 0
|p 17A0556636
|o snkČB 5626/2005
|i snk2007/20351
|8 4
|0 0
|1 1
|4 0
|d 2007-09-11
|l 0
|r 2026-02-21 20:20:59
|w 2026-02-21
|
| 952 |
|
|
|t č. 1-12
|a SNK
|b SNK
|y PREZ
|7 0
|p 17A0858011
|o snkČB 5626/2010
|i snk2012/9047
|8 4
|0 0
|1 1
|4 0
|d 2012-05-09
|l 0
|r 2026-02-21 20:29:57
|w 2026-02-21
|
| 952 |
|
|
|t č. 12-23, neúplné
|a SNK
|b SNK
|y NEVYP
|7 1
|p 17A1205221
|o snkČB 5626/2014
|i snk2017/6596
|8 4
|z Chýba č. 16
|0 0
|1 0
|4 0
|d 2017-03-10
|l 0
|r 2026-02-21 22:03:50
|w 2026-02-21
|
| 952 |
|
|
|t č. 41-52
|a SNK
|b SNK
|y PREZ
|7 0
|p 17A1387242
|o snkČB 5626/2017
|i snk2020/5934
|8 4
|0 0
|1 0
|4 0
|d 2020-03-09
|l 0
|r 2026-02-21 22:30:03
|w 2026-02-21
|
| 952 |
|
|
|t č. 33-40
|a SNK
|b SNK
|y PREZ
|7 0
|p 17A1385623
|o snkČB 5626/2016
|i snk2020/5366
|8 4
|0 0
|1 0
|4 0
|d 2020-03-02
|l 0
|r 2026-02-21 22:30:07
|w 2026-02-21
|